000 00637nam a22002177a 4500
005 20170124110054.0
010 _aA-895116
020 _c00.00
035 _aA-895116
037 _bCen Lib/Ret
040 _aDPL
_bEN
082 _a358.15
_bKHU
100 _aKhurshid Ali
_925969
245 _aFundamentals of financial management /
_cby Khurshid Ali
260 _aBombay
_bHimalaya Publishing House
_c1997
270 _aDr. bhalerao marg, girgaon
_bBombay
_e400004
300 _a375p
_c20cm(Hb)
650 _aFinancial management
_925970
650 _aFundamentals
_925971
942 _2ddc
_cEN
_h658.15
_mKHU
999 _c129302
_d129302